000 00183 a2200097 4500
020 _a9780375808500
041 _aeng
100 _aBrown, Marc
245 _aArthur in a pickle
942 _cBK
999 _c605
_d605